| 000 | 01009nam a2200181Ia 4500 | ||
|---|---|---|---|
| 008 | 151202s9999||||xx |||||||||||||| ||und|| | ||
| 082 | _bPNVM-79516 | ||
| 100 | _aनित्सुरे चित्रा. | ||
| 245 | _aनोबेल विज्ञानवती-नोबेल विजेत्या महिला वैज्ञानिकांच्यागाथा. | ||
| 260 | _b"नवचैतन्य प्रकाशन,बोरोवली." | ||
| 260 | _c2011 | ||
| 300 | _a296 | ||
| 600 | _aनित्सुरे चित्रा. | ||
| 630 | _aनोबेल विज्ञानवती-नोबेल विजेत्या महिला वैज्ञानिकांच्यागाथा. | ||
| 700 | _aनित्सुरे चित्रा. | ||
| 730 | _aनोबेल विज्ञानवती-नोबेल विजेत्या महिला वैज्ञानिकांच्यागाथा. | ||
| 942 | _cBOOK | ||
| 999 |
_c1344125 _d1344122 |
||